000 01145cam a2200265 4500
001 ABS68182
008 040920n2004 000 0 eng u
035 _a(Sirsi) u127459
100 _aTasker, J.
245 _aWalking into a minefield
260 _c2004
490 _aFarmers' Weekly
_v141(12) 17 September 2004, 16-17(2)
520 _aAssesses the problems that could arise over the new right to roam legislation. The Countryside and Rights of Way Act 2000 is not comprehensive with some types of land exempt and restrictions at certain times of year. The article looks at how farmers may be affected, what type of land is exempt, what activities are allowed or banned and when access land can be closed or must be open. Also looks at the liability of the landowner for accidents on the land.
590 _aABS
590 _aABS
650 _aCOUNTRYSIDE AND RIGHTS OF WAY ACT 2000
650 _aRIGHT TO ROAM
650 _aOPEN ACCESS
650 _aOPEN COUNTRYSIDE
650 _aFARMLAND
650 _aLANDOWNERS
650 _aLIABILITY
690 _aBOUNDARIES, PARTY WALLS AND EASEMENTS-RIGHTS OF WAY
942 _n0
999 _c118019
_d118019